Culture Générale - Série 293 - Statistiques

Statistiques générales
  • Ce quiz a été pris 226 fois
  • Le résultat moyen est 5 sur 10
Statistiques - réponses
Question Réponse % Correct
Combien de points cardinaux sont indiqués par la rose des vents ? 4
97%
Avec combien de dés joue-t-on au Yams? 5
94%
Quel théorème permet de calculer le carré de l'hypoténuse ? Pythagore
90%
Quel prix Nobel Pierre-Gilles de Gennes a-t-il reçu en 1991 ? Physique
74%
Quelle contractuelle est incarnée par Danièle Evenou de 1984 à 1991 ? Marie Pervenche
56%
Dans quelle série télévisée Noah Wyle a-t-il incarné le Dr John Carter ? Urgences
50%
Dans l'univers de Walt Disney, quel animal est Clarabelle ? Une vache
49%
Quel nom spécifique portent les pièces utilisées pour jouer au mah-jong ? Les tuiles
16%
Quel nom porte l'ami d'enfance romain qui trahit Ben-Hur ? Messala
9%
Quel acteur Hall Berry drague-t-elle sur le Net dans "Dangereuse Séduction" ? Bruce Willis
5%
Aucun quiz correspondant
Distribution des résultats
% des personnes avec chaque résultat
Percentile par nombre de réponses
Votre historique - résultats
Vous n’avez pas pris ce quiz